Sports Quiz

Random Sports or Basketball Quiz

Big 4 'Sporcle' Teams Quiz Stats

Quiz Updated May 24, 2016

Challenge
Share
Tweet
Embed
Score 0/55 Timer 06:00
11 Plays Today
League Team % Correct
MLBReds
86.4%
NFLEagles
83.1%
NFLSeahawks
82.4%
NFLSaints
82.1%
MLBPirates
80.4%
MLBOrioles
80.3%
NFLPatriots
80.3%
NFLLions
78.7%
NFLPanthers
78.4%
NHLPanthers
78.4%
NFLCardinals
78.2%
MLBCardinals
78.2%
NBASpurs
76.3%
NFLSteelers
75.7%
NFLRaiders
75.3%
MLBRed Sox
75.3%
NBALakers
74.6%
NFLRedskins
71.9%
MLBRangers
71.3%
NHLRangers
71.3%
MLBCubs
70.5%
NFLRavens
69.9%
NFLPackers
69.8%
NFLChargers
69.6%
NBACavaliers
69.4%
NFLCowboys
68.5%
NFLRams
68.3%
NHLPenguins
66.2%
League Team % Correct
NFLColts
64.9%
NFLChiefs
64.4%
MLBPhillies
64.1%
NBASuns
62%
NBAPelicans
61%
NBACeltics
60.7%
NBAClippers
59.9%
MLBPadres
59.8%
NBAPacers
55.5%
NBARockets
54.8%
MLBRoyals
54.4%
NBAPistons
53.6%
MLBRays
53.1%
NHLOilers
52.4%
MLBRockies
52%
NBARaptors
51.2%
NHLCanadiens
50.2%
NHLRed Wings
50%
NHLCanucks
49.2%
NHLSenators
48.2%
NHLSharks
46.9%
NHLStars
45.5%
NHLLightning
43.8%
NHLSabres
38.8%
NHLCapitals
37.9%
NHLPredators
36.7%
NHLCoyotes
35.2%

You're not logged in!

Compare scores with friends on all Sporcle quizzes.
Join for Free
OR
Log In

You Might Also Like...

Show Comments

Extras

Top Quizzes Today


Score Distribution

Your Account Isn't Verified!

In order to create a playlist on Sporcle, you need to verify the email address you used during registration. Go to your Sporcle Settings to finish the process.

Report this User

Report this user for behavior that violates our Community Guidelines.

Details: